Lòng tự tin

Guardat en:
Dades bibliogràfiques
Autor principal: Sa Tư
Format: Llibre
Idioma:Undetermined
Publicat: Hà Nội Phụ nữ 2004
Matèries:
Etiquetes: Afegir etiqueta
Sense etiquetes, Sigues el primer a etiquetar aquest registre!
Thư viện lưu trữ: Trung tâm Học liệu Trường Đại học Cần Thơ
LEADER 00494nam a2200193Ia 4500
001 CTU_87292
008 210402s9999 xx 000 0 und d
020 |c 25000 
082 |a 158.1 
082 |b T550 
100 |a Sa Tư 
245 0 |a Lòng tự tin 
245 0 |c Sa Tư; Văn Minh biên dịch 
260 |a Hà Nội 
260 |b Phụ nữ 
260 |c 2004 
650 |a psychology, applied 
904 |i Năm 
980 |a Trung tâm Học liệu Trường Đại học Cần Thơ